| 000 | 00901nam a2200217 a 4500 | ||
|---|---|---|---|
| 008 | 170728s2017 ||||||||||||||||| || u | ||
| 020 | _a9783319459875 | ||
| 050 | _aGE 90.Z9 Sch | ||
| 100 | _aLotz-Sisitka, Heila | ||
| 245 | 1 | 0 |
_aSchooling for sustainable development in Africa _cEdited By Heila Lotz-Sisitka, Overson Shumba, Justin Lupele [and] Di Wilmot |
| 260 |
_aSwitzerland: _bSpringer International Publishing _c2017 |
||
| 300 | _axvii, 289p.: ill. | ||
| 350 | _a119.00 | ||
| 490 | _aSchooling for sustainable development | ||
| 650 | _aSUSTAINABLE DEVELOPMENT--STUDY AND TEACHING--AFRICA | ||
| 650 | _aENVIRONMENTAL EDUCATION--AFRICA | ||
| 700 | _aLupele, Justin | ||
| 700 | _aShumba, Overson | ||
| 700 | _aWilmot, Di | ||
| 995 |
_FCBU-MAIN LIBRARY (Kitwe) _I119.00 _M1 _UAVAILABLE _WJul 28, 2017 _ZMain Library Open Access Collection |
||
| 999 |
_c57066 _d57066 |
||